LEADER 02236oam 22005414a 450 001 9911018865303321 005 20250901063446.0 010 $a0-253-07438-X 035 $a(CKB)39208746800041 035 $a(OCoLC)1534701641 035 $a(MdBmJHUP)musev2_138847 035 $a(NjHacI)9939208746800041 035 $a(EXLCZ)9939208746800041 100 $a20240229d1994 uy 0 101 0 $aeng 135 $aur||||||||||| 181 $ctxt$2rdacontent 182 $cc$2rdamedia 183 $acr$2rdacarrier 200 10$aIndians and the American West in the Twentieth Century / $fDonald L. Parman 210 1$aBloomington :$cIndiana University Press,$d1994. 210 4$dİ1994. 215 $a1 online resource: $cillustrations, map 225 0 $aThe American West in the twentieth century 311 08$a0-253-34289-9 320 $aIncludes bibliographical references (pages 213-224) and index. 327 $aForeword / Martin Ridge and Walter Nugent -- 1. The Heritage of Severalty -- 2. The Progressive Era, 1900-17 -- 3. Dissolving the Five Civilized Tribes -- 4. The War to Assimilate All Indians -- 5. From War to Depression, 1919-29 -- 6. Depression and the New Deal -- 7. World War II: The Exodus -- 8. The Postwar Era, 1945-61 -- 9. Self-Determination and Red Power: 1960s and 1970s -- 10. The New Indian Wars: Energy, Water, and Autonomy -- 11. Conclusions. 330 8 $aHistory of the relationship between the US Government--and Indians of the US. 410 0$aAmerican West in the twentieth century. 606 $aIndians of North America 606 $aIndians of North America$xGovernment relations 606 $aLand tenure 607 $aIndianer$2swd 607 $aUSA$xWeststaaten$2gnd 607 $aWest United States$2fast 608 $aHistory 608 $aElectronic books. 615 0$aIndians of North America. 615 0$aIndians of North America$xGovernment relations. 615 0$aLand tenure. 676 $a978/.00497 700 $aParman$b Donald Lee$01850985 801 0$bMdBmJHUP 801 1$bMdBmJHUP 906 $aBOOK 912 $a9911018865303321 996 $aIndians and the American West in the Twentieth Century$94444195 997 $aUNINA